Central Library OPAC University of Rajshahi

লোকায়ত বাংলা / (Record no. 40779)

MARC details
000 -LEADER
fixed length control field 00769nam a2200229 a 4500
001 - CONTROL NUMBER
control field 40779
003 - CONTROL NUMBER IDENTIFIER
rucl marc code BD-RjUL
005 - DATE AND TIME OF LATEST TRANSACTION
control field 20211209053258.0
008 - FIXED-LENGTH DATA ELEMENTS--GENERAL INFORMATION
fixed length control field 160510s1978 bg ||||| |||| 00| 0 ben d
020 ## - INTERNATIONAL STANDARD BOOK NUMBER
Terms of availability : TK 10.00
035 ## - SYSTEM CONTROL NUMBER
System control number (BD-RjUL)40894
040 ## - CATALOGING SOURCE
Original cataloging agency BD-RjUL
Language of cataloging ben
Transcribing agency BD-RjUL
041 ## - LANGUAGE CODE
Language code of text/sound track or separate title ben
082 ## - DEWEY DECIMAL CLASSIFICATION NUMBER
Edition number 23
Classification number 398
Author mark and year SIL 1978
100 ## - MAIN ENTRY--PERSONAL NAME
Personal name সিদ্দিকী, আশরাফ
9 (RLIN) 125488
245 10 - TITLE STATEMENT
Title লোকায়ত বাংলা /
Statement of responsibility, etc. আশরাফ সিদ্দিকী
260 ## - PUBLICATION, DISTRIBUTION, ETC. (IMPRINT)
Place of publication, distribution, etc. ঢাকা :
Name of publisher, distributor, etc. বাংলা একাডেমী,
Date of publication, distribution, etc. ১৯৭৮
300 ## - PHYSICAL DESCRIPTION
Pagination ১১২ পৃ. ;
Size ২১ সেমি.
650 ## - SUBJECT ADDED ENTRY--TOPICAL TERM
Topical term or geographic name as entry element লোকাচারবিদ্যা
9 (RLIN) 125489
Topical term or geographic name as entry element Folklore
9 (RLIN) 125490
942 ## - ADDED ENTRY ELEMENTS (KOHA)
Source of classification or shelving scheme Dewey Decimal Classification
Koha item type Books
Holdings
Lost status Source of classification or shelving scheme Damaged status Not for loan Collection code Permanent Location Current Location Shelving location Date acquired Total Checkouts Full call number Date last seen Date checked out Copy number Koha item type Source of acquisition Cost, normal purchase price
  Dewey Decimal Classification     Non-fiction Central Library, University of Rajshahi Central Library, University of Rajshahi   10/05/2016 3 B 398 SIL 1978 14/08/2023 10/08/2023 C-2 Books    
  Dewey Decimal Classification     Non-fiction Central Library, University of Rajshahi Central Library, University of Rajshahi   06/02/1984   B 398 SIL 1978 28/06/2016   C-3 Books Niamot Book Shop, Rajshahi 10.00
  Dewey Decimal Classification     Non-fiction Central Library, University of Rajshahi Central Library, University of Rajshahi   06/02/1980   B 398 SIL 1978 20/09/2016   C-4 Books Niyamot book, Rajshahi 10.00
  Dewey Decimal Classification   Not For Loan Non-fiction Central Library, University of Rajshahi Central Library, University of Rajshahi Reading Room 06/02/1980   B 398 SIL 1978 29/01/2017   C-1 Books Niyamot Book , Rajshahi 10.00